| 000 | 00768nam a2200229 i 4500 | ||
|---|---|---|---|
| 001 | 11656 | ||
| 003 | ES-MaACL | ||
| 005 | 20250808062712.0 | ||
| 007 | t| | ||
| 008 | 961001s1997 sp ||||1| spa d | ||
| 020 | _a84-7914-298-7 | ||
| 080 | _a141.319.8 | ||
| 100 | 1 |
_aLópez Quintás, Alfonso. _973905 |
|
| 245 | 1 | 3 |
_aEl poder del diálogo y del encuentro _b: Ebner, Haecker, Wust, Przywara / _cpor Alfonso López Quintas. |
| 260 |
_aMadrid : _bBiblioteca de Autores Cristianos, _c1997. |
||
| 300 |
_aXV, 247 p. ; _c20 cm. |
||
| 490 | 1 |
_aBiblioteca de autores cristianos ; _v575 |
|
| 650 | 7 |
_aAntropología filosófica _2embne _99891 |
|
| 830 | 0 | 0 |
_aBiblioteca de autores cristianos _v575 _9178679 |
| 852 |
_aES-MaACL _jJ-562 _bR.46092 |
||
| 999 |
_c11656 _d11656 |
||